| 000 | 00575nam a2200205Ia 4500 | ||
|---|---|---|---|
| 003 | IIN | ||
| 005 | 20240202114742.0 | ||
| 008 | 231217s9999 xx 000 0 und d | ||
| 020 |
_cRs.225.00 _a9789351525745 |
||
| 040 |
_aIIN _bEnglish |
||
| 082 |
_a612 _bSEE |
||
| 100 | 1 | _aSeervi, Rajendra Prasad | |
| 245 | 1 |
_aAnatomy & Physiology : _bfor BSc Nursing 1st Year / _cRajendra Prasad Seervi and Abhishak Soni |
|
| 260 |
_bJaypee _aNew Delhi _c2015 |
||
| 300 | _a[3] 4-264 p. | ||
| 650 | 1 | _aAnatomy | |
| 650 | 1 | _aPhysiology | |
| 700 | 1 | _aSoni, Abhishak | |
| 942 | _cBOOK | ||
| 999 |
_c60 _d60 |
||